Kết quả nghiên cứu mức độ trí tuệ của học viên mới nhập trường trong đào tạo cán bộ chính trị cấp phân đội /
সংরক্ষণ করুন:
| প্রধান লেখক: | |
|---|---|
| বিন্যাস: | প্রবন্ধ |
| ভাষা: | Vietnamese |
| বিষয়গুলি: | |
| ট্যাগগুলো: |
ট্যাগ যুক্ত করুন
কোনো ট্যাগ নেই, প্রথমজন হিসাবে ট্যাগ করুন!
|
| Thư viện lưu trữ: | Thư viện Trường Đại học Đà Lạt |
|---|
| LEADER | 00883nam a2200277 4500 | ||
|---|---|---|---|
| 001 | DLU090076012 | ||
| 005 | ##20090617 | ||
| 040 | # | # | |a DLU |b vie |
| 041 | # | # | |a vie |
| 044 | # | # | |a vn |
| 100 | # | # | |a Trương Quang Học. |
| 245 | # | # | |a Kết quả nghiên cứu mức độ trí tuệ của học viên mới nhập trường trong đào tạo cán bộ chính trị cấp phân đội / |c Trương Quang Học. |
| 653 | # | # | |a Đào tạo |
| 653 | # | # | |a Cán bộ chính trị |
| 653 | # | # | |a Khả năng nhận thực |
| 653 | # | # | |a Trí tuệ |
| 773 | # | # | |t Tâm lý học |g Số 10(43), 2002, tr. 41-43 |
| 920 | # | # | |a Phòng Tạp chí -- Trung tâm Thông tin - Thư viện Trường Đại học Đà Lạt |
| 994 | # | # | |a DLU |
| 900 | # | # | |a True |
| 911 | # | # | |a Nguyễn Thanh Hương |
| 925 | # | # | |a G |
| 926 | # | # | |a A |
| 927 | # | # | |a BB |
| 980 | # | # | |a Thư viện Trường Đại học Đà Lạt |